zpět

Detail výsledku týmu

Zimák, Uničov

Datum a čas kvízu

29.5 Celkem bodů Celkový počet nahraných bodů na tomto kvízu bez doplňovacích otázek.
4. Pořadí na kvízu Konečné umístění týmu na tomto kvízu.

Zaznamenané odpovědi

# Otázka Odpověď Body Výsledky
1. Jaroslav Foldyna z ČSSD si na... 1
2. Minulý týden byla v archivu v... 1
3. Největší úspěch na předávání E... 1
4. Jeden tuzemský pivovar oznámil... 1
5. Legendární norský běžec na lyž... 0
6. Z filmu S tebou mě baví svět:... 1
7. Student Plha potká ve filmu Ma... 0
8. Jak se jmenují pletichářští rá... 0
9. Který český král se dle septim... 0
10. „Hele, Hanko, já ti musim něco... 1